00333 2200145 4500001002100000005001500021035002000036245004500056100001900101300001100120260002200131082000800153084001400161990001200175INLIS00000000000198220250527081641 a0010-05250002741 aListrik dan Magnetisme /cChris Woodford0 aChris Woodford a64 hlm bPakar Raya,c2006 a600 a600 CHR l a0713203